Ο ποιητής Γιάννης Ρίτσος : συνολική θεώρηση του έργου του

Αποθηκεύτηκε σε:
Λεπτομέρειες βιβλιογραφικής εγγραφής
Κύριος συγγραφέας: Πρεβελάκης, Παντελής, 1909-1986
Μορφή: Βιβλίο
Γλώσσα:Greek
Δημοσίευση: Αθήνα : Κέδρος, 1983
Έκδοση:2η έκδ.
Θέματα:
Ετικέτες: Προσθήκη ετικέτας
Δεν υπάρχουν, Καταχωρήστε ετικέτα πρώτοι!

MARC

LEADER 00000cam a2200000 i 4500
001 1/48300
008 040211s1983 gre d
035 |l 10072227 
040 |a GR-MY-UA  |b gre  |e aacr 
041 0 |a gre 
082 0 |a 889.09 
100 1 |a Πρεβελάκης, Παντελής,   |d 1909-1986. 
245 1 2 |a Ο ποιητής Γιάννης Ρίτσος :  |b συνολική θεώρηση του έργου του /  |c Παντελή Πρεβελάκη 
250 |a 2η έκδ. 
260 |a Αθήνα :   |b Κέδρος,   |c 1983 
300 |a 615 σ. 
600 1 0 |a Ρίτσος, Γιάννης,   |d 1909-1990. 
650 0 0 |a Greek poetry  |x History and criticism. 
650 0 0 |a Greek literature  |x History and criticism. 
852 |a INST  |b RHODES  |c AKA  |e 20040211  |h  889.09 ΠΡΕ  |p 005400019726  |q 005400019726  |t BK  |y 0 
901 |a BIBL4-2004-1 
909 |a Ρ  |b 105069 
970 |a ΚΟΥΛΑΚΙΟΤΗ  |b ΛΙΤΣΑ  |z 2004/02/11